[Event "Carlton Park Hodgson-Rowson m"]
[Site "Rotherham"]
[Date "1997.03.17"]
[Round "1"]
[White "Rowson, Jonathan"]
[Black "Hodgson, Julian M"]
[Result "1-0"]
[WhiteElo "2445"]
[BlackElo "2560"]
[PlyCount "82"]
[EventDate "1997.03.17"]
[EventType "match"]
[EventRounds "6"]
[EventCountry "ENG"]
[SourceTitle "BritBase"]
[Source "John Saunders"]
[SourceDate "2024.07.04"]
[SourceVersion "1"]
[SourceVersionDate "2024.07.04"]
[SourceQuality "1"]

1. d4 d5 2. c4 c6 3. Nc3 Nf6 4. e3 a6 5. b3 e6 6. Nf3 c5 7. a3 Nc6 8. Bb2 cxd4
9. exd4 b6 10. Be2 Bd6 11. O-O O-O 12. Na4 Rb8 13. Rc1 Bf4 14. Rc2 Na5 15. cxd5
Nxd5 16. b4 b5 17. Nc5 Nc4 18. Bc1 a5 19. Bxf4 Nxf4 20. Bxc4 bxc4 21. Qd2 Nd5
22. Rxc4 axb4 23. axb4 Bb7 24. Ne5 Nb6 25. Rc3 Ba8 26. Rg3 Kh8 27. Qf4 Qe7 28.
Qg4 g6 29. h4 Rg8 30. Qf4 Rbf8 31. Ng4 Nd5 32. Qe5+ Rg7 33. Qg5 f6 34. Qd2 f5
35. Ne5 f4 36. Rh3 g5 37. h5 g4 38. Rh1 f3 39. g3 Rgg8 40. Ng6+ Rxg6 41. hxg6
Nf6 1-0

[Event "Carlton Park Hodgson-Rowson m"]
[Site "Rotherham"]
[Date "1997.03.18"]
[Round "2"]
[White "Hodgson, Julian M"]
[Black "Rowson, Jonathan"]
[Result "1-0"]
[WhiteElo "2560"]
[BlackElo "2445"]
[PlyCount "61"]
[EventDate "1997.03.17"]
[EventType "match"]
[EventRounds "6"]
[EventCountry "ENG"]
[SourceTitle "BritBase"]
[Source "John Saunders"]
[SourceDate "2024.07.04"]
[SourceVersion "1"]
[SourceVersionDate "2024.07.04"]
[SourceQuality "1"]

1. e4 c5 2. Nc3 Nc6 3. f4 g6 4. Nf3 Bg7 5. Bb5 Nd4 6. O-O Nxb5 7. Nxb5 d5 8. e5
a6 9. Nc3 Bg4 10. d4 cxd4 11. Qxd4 e6 12. Qb4 Bxf3 13. Rxf3 Qe7 14. Qa4+ Qd7
15. Qxd7+ Kxd7 16. Na4 Rb8 17. Be3 Ne7 18. Ba7 Rbe8 19. Rb3 b5 20. Nc5+ Kc8 21.
Ra3 g5 22. Rxa6 gxf4 23. a4 bxa4 24. Nd3 Kb7 25. R1xa4 Ra8 26. Rd6 Nf5 27. Nc5+
Kc7 28. Bb6+ Kb8 29. Rxa8+ Kxa8 30. Rd7 Kb8 31. Rc7 1-0

[Event "Carlton Park Hodgson-Rowson m"]
[Site "Rotherham"]
[Date "1997.03.19"]
[Round "3"]
[White "Rowson, Jonathan"]
[Black "Hodgson, Julian M"]
[Result "1/2-1/2"]
[WhiteElo "2445"]
[BlackElo "2560"]
[PlyCount "107"]
[EventDate "1997.03.17"]
[EventType "match"]
[EventRounds "6"]
[EventCountry "ENG"]
[SourceTitle "BritBase"]
[Source "John Saunders"]
[SourceDate "2024.07.04"]
[SourceVersion "1"]
[SourceVersionDate "2024.07.04"]
[SourceQuality "1"]

1. e4 c5 2. Nf3 d6 3. d4 cxd4 4. Nxd4 Nf6 5. Nc3 g6 6. Be3 Bg7 7. f3 O-O 8. Qd2
Nc6 9. O-O-O Bd7 10. Kb1 Rc8 11. h4 Ne5 12. Nd5 Nh5 13. Qe1 e6 14. Nc3 f5 15.
Ka1 f4 16. Bf2 a6 17. Nb1 b5 18. Qb4 Rc5 19. Qb3 Qf6 20. Nd2 Ng3 21. Bxg3 fxg3
22. c3 Rfc8 23. Be2 Nc6 24. Nxc6 R8xc6 25. Nb1 Rh5 26. Na3 Qf4 27. Nc2 Rhc5 28.
Nd4 Bxd4 29. Rxd4 Rh5 30. Qd1 Kf8 31. e5 Qe3 32. f4 Rf5 33. Rxd6 Rc7 34. Bg4
Rf7 35. Rd4 h5 36. Re1 Qf2 37. Re2 hxg4 38. Rxf2 gxf2 39. g3 g5 40. Qf1 gxh4
41. Qxf2 h3 42. f5 Rxf5 43. Rf4 Rc4 44. Rxf5+ exf5 45. Qb6 Rc6 46. Qd8+ Be8 47.
Qg5 Bg6 48. b3 Re6 49. Qh6+ Kg8 50. Kb2 Bf7 51. Qg5+ Bg6 52. Qh6 Bf7 53. Qg5+
Bg6 54. Qh6 1/2-1/2

[Event "Carlton Park Hodgson-Rowson m"]
[Site "Rotherham"]
[Date "1997.03.20"]
[Round "4"]
[White "Hodgson, Julian M"]
[Black "Rowson, Jonathan"]
[Result "1/2-1/2"]
[WhiteElo "2560"]
[BlackElo "2445"]
[PlyCount "58"]
[EventDate "1997.03.17"]
[EventType "match"]
[EventRounds "6"]
[EventCountry "ENG"]
[SourceTitle "BritBase"]
[Source "John Saunders"]
[SourceDate "2024.07.04"]
[SourceVersion "1"]
[SourceVersionDate "2024.07.04"]
[SourceQuality "1"]

1. e4 c5 2. Nc3 Nc6 3. f4 g6 4. Nf3 Bg7 5. Bb5 Nd4 6. O-O Nxb5 7. Nxb5 d5 8.
exd5 a6 9. Nc3 Nf6 10. d4 c4 11. Ne5 Nxd5 12. Qf3 e6 13. f5 gxf5 14. Nxd5 Qxd5
15. Qxd5 exd5 16. Nf3 O-O 17. Re1 f4 18. Bxf4 Bf5 19. c3 Rfe8 20. Be5 f6 21.
Bf4 Bd3 22. Kf2 Kf7 23. g4 Rxe1 24. Rxe1 Re8 25. Rxe8 Kxe8 26. Nh4 Kd7 27. Nf5
Bf8 28. Bh6 Bxf5 29. Bxf8 Bxg4 1/2-1/2

[Event "Carlton Park Hodgson-Rowson m"]
[Site "Rotherham"]
[Date "1997.03.22"]
[Round "5"]
[White "Rowson, Jonathan"]
[Black "Hodgson, Julian M"]
[Result "1/2-1/2"]
[WhiteElo "2445"]
[BlackElo "2560"]
[PlyCount "84"]
[EventDate "1997.03.17"]
[EventType "match"]
[EventRounds "6"]
[EventCountry "ENG"]
[SourceTitle "BritBase"]
[Source "John Saunders"]
[SourceDate "2024.07.04"]
[SourceVersion "1"]
[SourceVersionDate "2024.07.04"]
[SourceQuality "1"]

1. d4 d5 2. c4 c6 3. Nc3 Nf6 4. e3 a6 5. Bd2 dxc4 6. Bxc4 e6 7. Nf3 c5 8. dxc5
Bxc5 9. Qc2 Nbd7 10. Ne4 Nxe4 11. Qxe4 Nf6 12. Qc2 b6 13. Bc3 Bb7 14. O-O Qc7
15. Rfd1 Ng4 16. Qa4+ Qc6 17. Bb5 axb5 18. Qxg4 Rg8 19. Rac1 Qe4 20. Qg3 Qg6
21. Qh3 Qh6 22. Qg3 Qg6 23. Qh3 Qh6 24. Qg4 Qg6 25. Qf4 f6 26. Kf1 Qe4 27. Qc7
Qc6 28. Qg3 Kf7 29. Qh3 b4 30. Qh5+ Ke7 31. Bxf6+ gxf6 32. Qxh7+ Kf8 33. Rd7
Qxd7 34. Qxd7 Bd5 35. e4 Rg7 36. Qb5 Bxe4 37. Qc4 Bd5 38. Qh4 Ke7 39. Ne1 Rxa2
40. Nd3 Bxg2+ 41. Ke2 Bd5 42. Qh8 Rg4 1/2-1/2

[Event "Carlton Park Hodgson-Rowson m"]
[Site "Rotherham"]
[Date "1997.03.23"]
[Round "6"]
[White "Hodgson, Julian M"]
[Black "Rowson, Jonathan"]
[Result "1-0"]
[WhiteElo "2560"]
[BlackElo "2445"]
[PlyCount "79"]
[EventDate "1997.03.17"]
[EventType "match"]
[EventRounds "6"]
[EventCountry "ENG"]
[SourceTitle "BritBase"]
[Source "John Saunders"]
[SourceDate "2024.07.04"]
[SourceVersion "1"]
[SourceVersionDate "2024.07.04"]
[SourceQuality "1"]

1. e4 c5 2. Nf3 e6 3. b3 Nf6 4. e5 Nd5 5. c4 Nb4 6. Bb2 b6 7. a3 N4c6 8. Nc3 d6
9. exd6 Bxd6 10. d4 cxd4 11. Nxd4 O-O 12. Nf3 Bb7 13. Nb5 Bf4 14. Qc2 Nd7 15.
Rd1 Qe7 16. Bd3 f5 17. Qe2 a6 18. Nbd4 Nxd4 19. Nxd4 Ne5 20. Bb1 Rad8 21. f3
Qh4+ 22. Qf2 Qh6 23. Ke2 Bg5 24. h4 Be7 25. Qe3 Qg6 26. Kf2 Bd6 27. Qg5 Qf7 28.
Nxf5 exf5 29. Bxe5 Be7 30. Qf4 Rxd1 31. Rxd1 Bxa3 32. Bd6 Bxd6 33. Rxd6 b5 34.
c5 a5 35. Qd4 Bc8 36. Bc2 f4 37. Qd5 Qxd5 38. Rxd5 Bb7 39. Rd7 Rf7 40. Rd8+ 1-0

[Event "Carlton Park Masters"]
[Site "Rotherham"]
[Date "1997.03.17"]
[Round "1"]
[White "Bryson, Douglas Marshall"]
[Black "Woerdemann, Martin"]
[Result "1-0"]
[WhiteElo "2385"]
[BlackElo "2305"]
[PlyCount "63"]
[EventDate "1997.03.17"]
[EventType "tourn"]
[EventRounds "9"]
[EventCountry "ENG"]
[EventCategory "5"]
[SourceTitle "BritBase"]
[Source "John Saunders"]
[SourceDate "2024.07.04"]
[SourceVersion "1"]
[SourceVersionDate "2024.07.04"]
[SourceQuality "1"]

1. e4 d5 2. exd5 Qxd5 3. Nc3 Qa5 4. d4 Nf6 5. Nf3 c6 6. Bc4 Bf5 7. Bd2 e6 8.
Ne4 Qb6 9. Nxf6+ gxf6 10. Qe2 Nd7 11. O-O-O O-O-O 12. Nh4 Bg6 13. Kb1 Bd6 14.
Bb3 Qc7 15. Nxg6 hxg6 16. c4 c5 17. d5 exd5 18. cxd5 Rde8 19. Qf3 Ne5 20. Qxf6
Ng4 21. Qf3 Nxh2 22. Qc3 Rh4 23. Be3 Kb8 24. Rc1 Rc8 25. f4 Rh5 26. Bd1 Rh7 27.
a3 f5 28. Qf6 Rg8 29. Bg1 Rf7 30. Qe6 Ng4 31. Rh7 Rfg7 32. Bd4 1-0

[Event "Carlton Park Masters"]
[Site "Rotherham"]
[Date "1997.03.17"]
[Round "1"]
[White "Daly, Colm"]
[Black "Ferguson, Mark"]
[Result "1-0"]
[WhiteElo "2310"]
[BlackElo "2380"]
[PlyCount "49"]
[EventDate "1997.03.17"]
[EventType "tourn"]
[EventRounds "9"]
[EventCountry "ENG"]
[EventCategory "5"]
[SourceTitle "BritBase"]
[Source "John Saunders"]
[SourceDate "2024.07.04"]
[SourceVersion "1"]
[SourceVersionDate "2024.07.04"]
[SourceQuality "1"]

1. d4 d5 2. c4 c6 3. Nf3 Nf6 4. cxd5 cxd5 5. Nc3 Nc6 6. Bf4 Ne4 7. e3 Nxc3 8.
bxc3 g6 9. Rb1 Bg7 10. h4 Qa5 11. Qd2 a6 12. Bd3 b5 13. e4 dxe4 14. Bxe4 Bb7
15. h5 O-O-O 16. h6 Bf6 17. O-O Rd7 18. Rfe1 Re8 19. Bg3 Rg8 20. Qf4 g5 21. Qf5
Qxa2 22. c4 Kd8 23. cxb5 axb5 24. Qxb5 Qa8 25. Bxc6 1-0

[Event "Carlton Park Masters"]
[Site "Rotherham"]
[Date "1997.03.17"]
[Round "1"]
[White "Dunnington, Angus J"]
[Black "Aagaard, Jacob"]
[Result "1/2-1/2"]
[WhiteElo "2445"]
[BlackElo "2440"]
[PlyCount "51"]
[EventDate "1997.03.17"]
[EventType "tourn"]
[EventRounds "9"]
[EventCountry "ENG"]
[EventCategory "5"]
[SourceTitle "BritBase"]
[Source "John Saunders"]
[SourceDate "2024.07.04"]
[SourceVersion "1"]
[SourceVersionDate "2024.07.04"]
[SourceQuality "1"]

1. d4 Nf6 2. Nf3 e6 3. g3 b6 4. Bg2 Bb7 5. O-O Be7 6. c4 O-O 7. Qc2 c5 8. dxc5
bxc5 9. Nc3 Nc6 10. b3 d6 11. Bb2 Qb6 12. Rad1 Rfe8 13. Na4 Qc7 14. Qb1 Nd7 15.
Nc3 Rad8 16. Rd2 a6 17. Rfd1 Nf6 18. Ne1 Ne5 19. Ne4 Nxe4 20. Bxe4 Bxe4 21.
Qxe4 Bf6 22. Nd3 Nd7 23. Qf4 Qc6 24. Qe3 Bxb2 25. Nxb2 d5 26. Qf3 1/2-1/2

[Event "Carlton Park Masters"]
[Site "Rotherham"]
[Date "1997.03.17"]
[Round "1"]
[White "Houska, Miroslav"]
[Black "Shaw, John K"]
[Result "0-1"]
[WhiteElo "2260"]
[BlackElo "2345"]
[PlyCount "90"]
[EventDate "1997.03.17"]
[EventType "tourn"]
[EventRounds "9"]
[EventCountry "ENG"]
[EventCategory "5"]
[SourceTitle "BritBase"]
[Source "John Saunders"]
[SourceDate "2024.07.04"]
[SourceVersion "1"]
[SourceVersionDate "2024.07.04"]
[SourceQuality "1"]

1. f4 d5 2. Nf3 Nf6 3. g3 g6 4. Bg2 Bg7 5. O-O b6 6. d3 Bb7 7. Qe1 O-O 8. e4
dxe4 9. Ng5 Nbd7 10. Nxe4 Nxe4 11. dxe4 Nc5 12. Nc3 Bxc3 13. bxc3 f5 14. exf5
Bxg2 15. Kxg2 gxf5 16. Be3 Qd5+ 17. Kg1 Ne4 18. Bd4 c5 19. Be5 Nd2 20. Qd1 Rad8
21. Rf2 Ne4 22. Qxd5+ Rxd5 23. Re2 h5 24. h3 Nxg3 25. Rg2 h4 26. c4 Rd7 27. Bc3
Kf7 28. Re1 Rfd8 29. Kh2 Rd1 30. Rgg1 Rxe1 31. Bxe1 Rd4 32. Bxg3 hxg3+ 33. Kxg3
Rxc4 34. Rg2 Rc3+ 35. Kh4 Kf6 36. Rf2 b5 37. Rd2 a5 38. Rd8 Rxc2 39. Rf8+ Kg6
40. Rg8+ Kf7 41. Rb8 b4 42. Kg5 c4 43. h4 c3 44. h5 Rxa2 45. h6 Rh2 0-1

[Event "Carlton Park Masters"]
[Site "Rotherham"]
[Date "1997.03.17"]
[Round "1"]
[White "Richardson, John R"]
[Black "Wall, Timothy P"]
[Result "1/2-1/2"]
[WhiteElo "2360"]
[BlackElo "2305"]
[PlyCount "115"]
[EventDate "1997.03.17"]
[EventType "tourn"]
[EventRounds "9"]
[EventCountry "ENG"]
[EventCategory "5"]
[SourceTitle "BritBase"]
[Source "John Saunders"]
[SourceDate "2024.07.04"]
[SourceVersion "1"]
[SourceVersionDate "2024.07.04"]
[SourceQuality "1"]

1. d4 g6 2. c4 Bg7 3. Nf3 Nf6 4. Nc3 O-O 5. g3 d6 6. Bg2 Nbd7 7. O-O e5 8. e4
c6 9. h3 Qb6 10. Re1 a5 11. Rb1 exd4 12. Nxd4 Ng4 13. Nce2 Nge5 14. b3 Nxc4 15.
Bg5 Na3 16. Rc1 Re8 17. Qd2 Qb4 18. Qd1 Nc5 19. Bd2 Qb6 20. Be3 Nb5 21. Nxb5
Qxb5 22. Nc3 Qd3 23. Bxc5 Qxd1 24. Rexd1 dxc5 25. Na4 Bd4 26. Nxc5 Bxc5 27.
Rxc5 a4 28. bxa4 Rxa4 29. Rc2 Rb4 30. f4 Be6 31. Rd3 Ra8 32. a3 Rb3 33. Rxb3
Bxb3 34. Rc3 Rxa3 35. g4 Ra1+ 36. Kf2 Rb1 37. f5 Kf8 38. e5 Ke7 39. Ke3 Ba4 40.
Kf4 h6 41. fxg6 fxg6 42. Rc4 Bb3 43. Rb4 g5+ 44. Ke3 Ba2 45. Ra4 Rb2 46. Be4
Bd5 47. Bxd5 cxd5 48. Ra8 Rh2 49. Kd4 Rxh3 50. Kxd5 Rd3+ 51. Ke4 Rg3 52. Kf5
Rf3+ 53. Kg6 Rf4 54. Kxh6 Rxg4 55. Rb8 Ke6 56. Rxb7 Kxe5 57. Kg6 Kf4 58. Rb5
1/2-1/2

[Event "Carlton Park Masters"]
[Site "Rotherham"]
[Date "1997.03.17"]
[Round "2"]
[White "Ferguson, Mark"]
[Black "Houska, Miroslav"]
[Result "0-1"]
[WhiteElo "2380"]
[BlackElo "2260"]
[PlyCount "80"]
[EventDate "1997.03.17"]
[EventType "tourn"]
[EventRounds "9"]
[EventCountry "ENG"]
[EventCategory "5"]
[SourceTitle "BritBase"]
[Source "John Saunders"]
[SourceDate "2024.07.04"]
[SourceVersion "1"]
[SourceVersionDate "2024.07.04"]
[SourceQuality "1"]

1. e4 c5 2. Nf3 Nf6 3. e5 Nd5 4. Nc3 Nb4 5. Bc4 e6 6. O-O d5 7. exd6 Bxd6 8. d4
cxd4 9. Qxd4 O-O 10. Qe4 Nd7 11. Rd1 Nf6 12. Qe2 Nfd5 13. Ne4 Be7 14. a3 Nc6
15. Bd3 Qc7 16. g3 e5 17. c4 Bg4 18. cxd5 Nd4 19. Nxd4 Bxe2 20. Nb5 Qd7 21.
Bxe2 f5 22. Ng5 Bxg5 23. Bxg5 f4 24. gxf4 exf4 25. f3 Rf5 26. h4 h6 27. d6 hxg5
28. Nc7 Rd8 29. Bc4+ Kh8 30. Be6 Qc6 31. Bxf5 Qc5+ 32. Kf1 Qxf5 33. hxg5 Qh3+
34. Ke1 Qg3+ 35. Ke2 Qg2+ 36. Ke1 Qg1+ 37. Ke2 Qe3+ 38. Kf1 Qxf3+ 39. Ke1 Qg3+
40. Kf1 f3 0-1

[Event "Carlton Park Masters"]
[Site "Rotherham"]
[Date "1997.03.17"]
[Round "2"]
[White "Shaw, John K"]
[Black "Dunnington, Angus J"]
[Result "0-1"]
[WhiteElo "2345"]
[BlackElo "2445"]
[PlyCount "72"]
[EventDate "1997.03.17"]
[EventType "tourn"]
[EventRounds "9"]
[EventCountry "ENG"]
[EventCategory "5"]
[SourceTitle "BritBase"]
[Source "John Saunders"]
[SourceDate "2024.07.04"]
[SourceVersion "1"]
[SourceVersionDate "2024.07.04"]
[SourceQuality "1"]

1. e4 g6 2. d4 d6 3. Nc3 a6 4. Be3 b5 5. Nf3 Bb7 6. Bd3 Nd7 7. d5 Ngf6 8. Nd4
Bg7 9. a4 bxa4 10. Nxa4 O-O 11. f3 Ne5 12. O-O Qe8 13. Be2 e6 14. c4 Nxc4 15.
Bxc4 exd5 16. Bd3 dxe4 17. fxe4 Nxe4 18. Re1 Qd7 19. Qc2 Rae8 20. Nf3 c5 21.
Rad1 Qg4 22. Nb6 Nf6 23. h3 Qh5 24. Nh2 Re6 25. Be2 Qh4 26. Nf3 Qb4 27. Nc4 d5
28. Nce5 Ne4 29. Nd3 Qc4 30. Qxc4 dxc4 31. Nxc5 Nxc5 32. Bxc5 Rc8 33. Ba3 c3
34. bxc3 Bxc3 35. Nd2 Rd8 36. Bc1 Red6 0-1

[Event "Carlton Park Masters"]
[Site "Rotherham"]
[Date "1997.03.17"]
[Round "2"]
[White "Wall, Timothy P"]
[Black "Aagaard, Jacob"]
[Result "0-1"]
[WhiteElo "2305"]
[BlackElo "2440"]
[PlyCount "116"]
[EventDate "1997.03.17"]
[EventType "tourn"]
[EventRounds "9"]
[EventCountry "ENG"]
[EventCategory "5"]
[SourceTitle "BritBase"]
[Source "John Saunders"]
[SourceDate "2024.07.04"]
[SourceVersion "1"]
[SourceVersionDate "2024.07.04"]
[SourceQuality "1"]

1. d4 Nf6 2. Bg5 e6 3. e4 h6 4. Bxf6 Qxf6 5. Nc3 Bb4 6. a3 Bxc3+ 7. bxc3 d6 8.
Bd3 O-O 9. Ne2 c5 10. Qd2 e5 11. Qe3 exd4 12. cxd4 cxd4 13. Nxd4 Nc6 14. c3 Re8
15. Bc4 Qg6 16. Bd5 Ne7 17. Bb3 Nf5 18. Nxf5 Bxf5 19. f3 Bxe4 20. fxe4 Rxe4 21.
Bxf7+ Kxf7 22. O-O+ Kg8 23. Qd3 Qe6 24. Qb5 b6 25. Rad1 Rc8 26. Rd3 Rc5 27. Qa6
Rf5 28. Rxf5 Qxf5 29. Rf3 Qc5+ 30. Kf1 Qg5 31. Qc8+ Kh7 32. g3 Qc1+ 33. Kg2
Qd2+ 34. Kh3 Re5 35. Qg4 Qd5 36. c4 Rh5+ 37. Kg2 Qd2+ 38. Kf1 Re5 39. Rf2 Qc1+
40. Kg2 Qxa3 41. Rf7 Rg5 42. Qe4+ Rg6 43. Re7 Qa2+ 44. Kh3 Qa5 45. Re6 Qh5+ 46.
Kg2 Qg4 47. Qxg4 Rxg4 48. Re7 Rxc4 49. Rxa7 Rc2+ 50. Kh3 Kg6 51. Rb7 d5 52.
Rxb6+ Kf5 53. g4+ Ke4 54. Rg6 Rc7 55. g5 hxg5 56. Rd6 d4 57. Kg4 d3 58. Kxg5
Ke3 0-1

[Event "Carlton Park Masters"]
[Site "Rotherham"]
[Date "1997.03.17"]
[Round "2"]
[White "Woerdemann, Martin"]
[Black "Daly, Colm"]
[Result "1-0"]
[WhiteElo "2305"]
[BlackElo "2310"]
[PlyCount "117"]
[EventDate "1997.03.17"]
[EventType "tourn"]
[EventRounds "9"]
[EventCountry "ENG"]
[EventCategory "5"]
[SourceTitle "BritBase"]
[Source "John Saunders"]
[SourceDate "2024.07.04"]
[SourceVersion "1"]
[SourceVersionDate "2024.07.04"]
[SourceQuality "1"]

1. c4 g6 2. Nc3 Bg7 3. g3 d6 4. Bg2 Nc6 5. d3 e5 6. e4 h5 7. h4 Nd4 8. Bg5 Nf6
9. f3 Ne6 10. Be3 c6 11. Nge2 d5 12. cxd5 cxd5 13. exd5 Nxd5 14. Nxd5 Qxd5 15.
O-O Qd8 16. Qa4+ Bd7 17. Qa3 Qe7 18. Qxe7+ Kxe7 19. f4 exf4 20. Nxf4 Nxf4 21.
Rxf4 Be6 22. Rb4 Be5 23. Rxb7+ Kf6 24. Rb5 Bxg3 25. Bxa8 Rxa8 26. Bd4+ Ke7 27.
Bf2 Bf4 28. Rf1 Kd6 29. Bd4 Bg3 30. Bf2 Bxf2+ 31. Kxf2 a5 32. Ke3 Bxa2 33. Ra1
Kc6 34. Rg5 Bd5 35. Kd4 Be6 36. Rgxa5 Rb8 37. Ra6+ Kb5 38. Ra8 Rb7 39. R1a7 Rb6
40. Rc7 f6 41. Kc3 g5 42. hxg5 fxg5 43. b4 Rc6+ 44. Rxc6 Kxc6 45. Ra5 Bd5 46.
Kd4 Bf3 47. Rxg5 h4 48. Rg6+ Kb5 49. Rh6 Kxb4 50. Rxh4 Kb5 51. Rh6 Be2 52. Re6
Bf3 53. Re1 Bg2 54. Rc1 Kb6 55. Ke5 Bh3 56. d4 Bg2 57. d5 Bf3 58. Ke6 Bg4+ 59.
Ke7 1-0

[Event "Carlton Park Masters"]
[Site "Rotherham"]
[Date "1997.03.18"]
[Round "3"]
[White "Aagaard, Jacob"]
[Black "Shaw, John K"]
[Result "1/2-1/2"]
[WhiteElo "2440"]
[BlackElo "2345"]
[PlyCount "41"]
[EventDate "1997.03.17"]
[EventType "tourn"]
[EventRounds "9"]
[EventCountry "ENG"]
[EventCategory "5"]
[SourceTitle "BritBase"]
[Source "John Saunders"]
[SourceDate "2024.07.04"]
[SourceVersion "1"]
[SourceVersionDate "2024.07.04"]
[SourceQuality "1"]

1. e4 d6 2. d4 Nf6 3. f3 e5 4. dxe5 dxe5 5. Qxd8+ Kxd8 6. Bc4 Ke8 7. Be3 Nbd7
8. a4 a5 9. Na3 c6 10. Ne2 Bc5 11. Kf2 Bxe3+ 12. Kxe3 Nc5 13. b3 Ke7 14. Rhd1
Nfd7 15. Nc1 Nb6 16. Nd3 Nxd3 17. Rxd3 Bd7 18. Rad1 Rhd8 19. g3 Be8 20. f4 f6
21. R1d2 1/2-1/2

[Event "Carlton Park Masters"]
[Site "Rotherham"]
[Date "1997.03.18"]
[Round "3"]
[White "Bryson, Douglas Marshall"]
[Black "Wall, Timothy P"]
[Result "1-0"]
[WhiteElo "2385"]
[BlackElo "2305"]
[PlyCount "101"]
[EventDate "1997.03.17"]
[EventType "tourn"]
[EventRounds "9"]
[EventCountry "ENG"]
[EventCategory "5"]
[SourceTitle "BritBase"]
[Source "John Saunders"]
[SourceDate "2024.07.04"]
[SourceVersion "1"]
[SourceVersionDate "2024.07.04"]
[SourceQuality "1"]

1. e4 e6 2. d4 d5 3. Nc3 Nf6 4. Bg5 Bb4 5. e5 h6 6. Bd2 Bxc3 7. bxc3 Ne4 8. Qg4
g6 9. Bd3 Bd7 10. Nf3 Bc6 11. h4 Nd7 12. Ng1 Nb6 13. Ne2 Qd7 14. Bc1 O-O-O 15.
f3 f5 16. exf6 Nxf6 17. Qxg6 Ne4 18. Qg4 Rdg8 19. Qh3 Nd6 20. Nf4 Bb5 21. h5
Qc6 22. Bd2 Kb8 23. Ng6 Bxd3 24. cxd3 Rh7 25. O-O Qb5 26. Ne5 Qb2 27. Rfd1 Nf5
28. Rab1 Qxa2 29. g4 a6 30. Kh1 Nd6 31. Qh2 Qa4 32. Re1 Ka7 33. Bf4 Nb5 34. Qb2
Qa3 35. Qxa3 Nxa3 36. Rb3 Nb5 37. Be3 Rd8 38. Ra1 c6 39. Kg2 Nd7 40. Ng6 Nf6
41. Bf2 Nd7 42. Re1 Re8 43. c4 Nd6 44. Rc3 a5 45. Bg3 Nc8 46. Ra1 Ka6 47. Rca3
b6 48. c5 Kb5 49. cxb6 Ndxb6 50. Rxa5+ Kb4 51. R1a3 1-0

[Event "Carlton Park Masters"]
[Site "Rotherham"]
[Date "1997.03.18"]
[Round "3"]
[White "Daly, Colm"]
[Black "Richardson, John R"]
[Result "1-0"]
[WhiteElo "2310"]
[BlackElo "2360"]
[PlyCount "65"]
[EventDate "1997.03.17"]
[EventType "tourn"]
[EventRounds "9"]
[EventCountry "ENG"]
[EventCategory "5"]
[SourceTitle "BritBase"]
[Source "John Saunders"]
[SourceDate "2024.07.04"]
[SourceVersion "1"]
[SourceVersionDate "2024.07.04"]
[SourceQuality "1"]

1. d4 Nf6 2. c4 e6 3. g3 d5 4. Nf3 dxc4 5. Qa4+ Nbd7 6. Bg2 a6 7. Qxc4 b5 8.
Qc6 Rb8 9. Bf4 Bb7 10. Qc1 Rc8 11. O-O c5 12. dxc5 Bxc5 13. Qd1 Qe7 14. Nc3 O-O
15. Ne1 Nb6 16. Nd3 Bxg2 17. Kxg2 Rfd8 18. Bg5 Bd4 19. Qb3 h6 20. Bxf6 Qxf6 21.
Ne4 Qg6 22. Nd2 Nc4 23. Rad1 e5 24. Kg1 Qf5 25. Nf3 Bb6 26. Nh4 Qf6 27. e4 Rd4
28. Qc2 Nd6 29. Qe2 Rxe4 30. Qf3 Qe6 31. Rfe1 Rxe1+ 32. Nxe1 Rc2 33. Nxc2 1-0

[Event "Carlton Park Masters"]
[Site "Rotherham"]
[Date "1997.03.18"]
[Round "3"]
[White "Dunnington, Angus J"]
[Black "Ferguson, Mark"]
[Result "0-1"]
[WhiteElo "2445"]
[BlackElo "2380"]
[PlyCount "58"]
[EventDate "1997.03.17"]
[EventType "tourn"]
[EventRounds "9"]
[EventCountry "ENG"]
[EventCategory "5"]
[SourceTitle "BritBase"]
[Source "John Saunders"]
[SourceDate "2024.07.04"]
[SourceVersion "1"]
[SourceVersionDate "2024.07.04"]
[SourceQuality "1"]

1. d4 d5 2. Nf3 Nf6 3. c4 c6 4. e3 Bf5 5. Bd3 Bxd3 6. Qxd3 e6 7. Nc3 Bb4 8. O-O
a5 9. a3 Be7 10. e4 dxe4 11. Nxe4 Nbd7 12. Nxf6+ Nxf6 13. Bf4 O-O 14. Rfd1 a4
15. Rac1 Qb6 16. Qe2 Rfe8 17. Ne5 Rad8 18. c5 Qa7 19. Rd3 Rd5 20. Rcd1 Qa6 21.
Qc2 Nd7 22. Rh3 Nf8 23. Nc4 Bxc5 24. Ne3 Rxd4 25. Rxd4 Bxd4 26. Ng4 Qb5 27. Bc1
Rd8 28. Rf3 Bxb2 29. Bxb2 Qxb2 0-1

[Event "Carlton Park Masters"]
[Site "Rotherham"]
[Date "1997.03.18"]
[Round "3"]
[White "Houska, Miroslav"]
[Black "Woerdemann, Martin"]
[Result "1/2-1/2"]
[WhiteElo "2260"]
[BlackElo "2305"]
[PlyCount "85"]
[EventDate "1997.03.17"]
[EventType "tourn"]
[EventRounds "9"]
[EventCountry "ENG"]
[EventCategory "5"]
[SourceTitle "BritBase"]
[Source "John Saunders"]
[SourceDate "2024.07.04"]
[SourceVersion "1"]
[SourceVersionDate "2024.07.04"]
[SourceQuality "1"]

1. d4 d5 2. Nf3 Nf6 3. Bg5 Ne4 4. Bh4 Qd6 5. c3 Qh6 6. Na3 g5 7. Bg3 Nxg3 8.
fxg3 c6 9. Nc2 Nd7 10. e3 Bg7 11. Be2 e5 12. dxe5 Nxe5 13. Nxe5 Bxe5 14. O-O
O-O 15. Nd4 f5 16. Bd3 f4 17. exf4 gxf4 18. Qd2 Qg7 19. gxf4 Bxd4+ 20. cxd4
Qxd4+ 21. Rf2 Kh8 22. Re1 Bf5 23. Bxf5 Qxd2 24. Rxd2 Rxf5 25. g3 Kg7 26. Kf2
Rd8 27. Re7+ Rf7 28. Re5 b6 29. Kf3 d4 30. Ke4 c5 31. f5 Rfd7 32. Kd3 h5 33. h3
Rd5 34. Rxd5 Rxd5 35. Ke4 Rd7 36. g4 Re7+ 37. Kf4 Re3 38. Rh2 Re1 39. b3 b5 40.
Rd2 hxg4 41. hxg4 a5 42. g5 Rg1 43. Ke5 1/2-1/2